Bezpečná práca na vysokozdvižnej plošine

Bezpečnosť a ochrana zdravia sú dve veci, ktoré zamestnávateľ môže ovplyvňovať a svojim konaním môže znížiť počet úrazov, chorôb a pravdepodobnosť straty majetku a výroby. Jednou zo základných povinností zamestnávateľa je povinnosť zisťovať nebezpečenstvá a ohrozenia, posudzovať riziko a vypracovať...

Descrizione completa

Salvato in:
Dettagli Bibliografici
Autore principale: Mikula, Jozef
Natura: Capitolo di libro
Lingua:slovacco
Soggetti:
Tags: Aggiungi Tag
Nessun Tag, puoi essere il primo ad aggiungerne!!

MARC

LEADER 00000naa a2200000 4500
001 0313549
005 20251210091754.5
041 0 |a slo 
044 |a SK 
245 1 0 |a Bezpečná práca na vysokozdvižnej plošine  |c Jozef Mikula 
520 |a Bezpečnosť a ochrana zdravia sú dve veci, ktoré zamestnávateľ môže ovplyvňovať a svojim konaním môže znížiť počet úrazov, chorôb a pravdepodobnosť straty majetku a výroby. Jednou zo základných povinností zamestnávateľa je povinnosť zisťovať nebezpečenstvá a ohrozenia, posudzovať riziko a vypracovať písomný dokument o posúdení rizika pri všetkých činnostiach vykonávaných zamestnancami na vysokozdvižnej plošine. Práca vo výškach je nevyhnutným prvkom pri vykonávaní mnohých úloh od stavebných činností, cez umývanie okien v administratívnych budovách, až po orezávanie stromov v mestských parkoch. Treba však pamätať na to, že ich vykonávanie sa považuje za obzvlášť nebezpečné. Preto ich nemôže absolvovať každý. 
610 2 0 |a bezpečnosť práce 
610 2 0 |a ochrana zdravia 
610 2 0 |a úrazy pracovné 
610 2 0 |a choroby z povolania 
610 2 0 |a pravdepodobnosť 
610 2 0 |a strata 
100 1 |a Mikula, Jozef